| 000 | 01368pam a2200313 a 4500 | ||
|---|---|---|---|
| 090 | _c0 | ||
| 001 | 673468 | ||
| 005 | 20080423072421.0 | ||
| 008 | 951013s1996 nyua bf 001 0 eng | ||
| 010 | _a 95045878 | ||
| 020 | _a0070479712 (hardcover : acidfree paper) | ||
| 040 |
_aDLC _cDLC _dDLC |
||
| 050 | 0 | 0 |
_aTA151 _b.S814 1996 |
| 082 | 0 | 0 |
_a624 _220 _bSTA |
| 245 | 0 | 0 |
_aStandard handbook of heavy construction / _cJames J. O'Brien, editor in chief, John A. Havers, Frank W. Stubbs, Jr. |
| 250 | _a3rd ed. | ||
| 260 |
_aNew York : _bMcGraw-Hill, _cc1996. |
||
| 300 |
_a1 v. (various pagings) : _bill. ; _c24 cm. |
||
| 504 | _aIncludes bibliographical references and index. | ||
| 650 | 0 |
_aEngineering _xHandbooks, manuals, etc. |
|
| 700 | 1 |
_aO'Brien, James Jerome, _d1929- |
|
| 700 | 1 |
_aHavers, John A. _q(John Alan), _d1925- |
|
| 700 | 1 |
_aStubbs, Frank W. _q(Frank Whitworth), _d1898-1967. |
|
| 856 | 4 | 2 |
_3Publisher description _uhttp://www.loc.gov/catdir/description/mh022/95045878.html |
| 856 | 4 | 1 |
_3Table of contents _uhttp://www.loc.gov/catdir/toc/mh022/95045878.html |
| 942 |
_2ddc _cBB |
||
| 999 |
_c10425 _d10425 |
||